00535nai a2200157Ia 4500003000900000008004100009022002200050022002300072040001600095245004200111260003400153310001200187362002500199521006900224856008400293IN-BaIIA211028c9999 xx s 000 0 eng d a1616-5187 (Print) a1616-5195 (Online) cIIA Library 0aMacromolecular Bioscienceh[eJournal] aNew JerseybJohn Wiley & Sons aMonthly a1(1); 2001 - Present bSubscribed through National Knowledge Resource Consortium (NKRC) uhttps://onlinelibrary.wiley.com/journal/16165195yClick Here to Access eJournal